| 000 | 00400nam a2200145Ia 4500 | ||
|---|---|---|---|
| 008 | 130318s9999 xx 000 0 und d | ||
| 020 | _a8177226193 | ||
| 082 | _a005.112 LAD/A | ||
| 100 | _aLaddad, Ramnivas | ||
| 245 | _aAspectJ in action: Practical aspect-oriented programming | ||
| 260 |
_bDreamtech _aNew Delhi _c2005 |
||
| 300 | _a481 | ||
| 650 | _aASPECT ORIENTED PROGRAMMING | ||
| 650 | _aASPECTJ | ||
| 999 |
_c1070 _d1070 |
||